Oil palm cultivation in Malaya technical and economic aspects
| Main Author: | |
|---|---|
| Other Authors: | |
| Format: | Book |
| Published: |
Kuala Lumpur :
University of Malaya Press ,
1979
|
| Subjects: |
MARC
| LEADER | 00000cam a2200000 7i4500 | ||
|---|---|---|---|
| 001 | 0000002791 | ||
| 005 | 20050427.0 | ||
| 040 | |a INS | ||
| 090 | 0 | 0 | |a SB299.P3 |b W55 1979 |
| 100 | 1 | |a Williams, C. N. | |
| 245 | 1 | 0 | |a Oil palm cultivation in Malaya technical and economic aspects |c C. N. Williams |
| 260 | |a Kuala Lumpur : |b University of Malaya Press , |c 1979 | ||
| 300 | |a xvi, 205p. : |b illus ; |c 25 cm. | ||
| 650 | 0 | 0 | |a Oil palm |z Malaya |
| 650 | 0 | 0 | |a Plants cultivated |z Malaya |
| 700 | 1 | |a Hsu, Y. C. | |
| 999 | |a 0000000848 |b BOOK |c Open Shelf |e Default branch | ||